LEADER 02139nam 2200565 450 001 9910480701003321 005 20170821171642.0 010 $a1-4704-0698-5 035 $a(CKB)3360000000464472 035 $a(EBL)3113615 035 $a(SSID)ssj0000973901 035 $a(PQKBManifestationID)11591781 035 $a(PQKBTitleCode)TC0000973901 035 $a(PQKBWorkID)10984727 035 $a(PQKB)10262294 035 $a(MiAaPQ)EBC3113615 035 $a(PPN)195411706 035 $a(EXLCZ)993360000000464472 100 $a19830824h19831983 uy| 0 101 0 $aeng 135 $aur|n|---||||| 181 $ctxt 182 $cc 183 $acr 200 12$aA simple definition of the Feynman integral, with applications /$fR.H. Cameron and D.A. Storvick 210 1$aProvidence, R.I., USA :$cAmerican Mathematical Society,$d[1983] 210 4$d©1983 215 $a1 online resource (52 p.) 225 1 $aMemoirs of the American Mathematical Society,$x0065-9266 ;$vnumber 288 300 $a"Volume 46, number 288 (end of volume)." 311 $a0-8218-2288-8 320 $aBibliography: pages 46. 327 $a""Table of Contents""; ""1. Introduction: Definition of the Sequential Feynman Integral""; ""2. The Spaces of Functionals A?? and S*""; ""3. Existence of the Sequential Feynman Integral on A?? and S*""; ""4. Transformation Theorems""; ""5. Order Reversal Theorems""; ""6. Applications""; ""7. Relationships to other Sequential Definitions of the Feynman Integral""; ""8. Bibliography"" 410 0$aMemoirs of the American Mathematical Society ;$vno. 288. 606 $aFeynman integrals 606 $aFunction spaces 608 $aElectronic books. 615 0$aFeynman integrals. 615 0$aFunction spaces. 676 $a510 s 676 $a515.4/2 700 $aCameron$b Robert Horton$f1908-$0988028 702 $aStorvick$b David Arne$f1929- 801 0$bMiAaPQ 801 1$bMiAaPQ 801 2$bMiAaPQ 906 $aBOOK 912 $a9910480701003321 996 $aA simple definition of the Feynman integral, with applications$92259222 997 $aUNINA LEADER 01389nam 2200325Ia 450 001 996386697303316 005 20221108091527.0 035 $a(CKB)4940000000082445 035 $a(EEBO)2240923340 035 $a(OCoLC)166384420 035 $a(EXLCZ)994940000000082445 100 $a20070829d1621 uy 0 101 0 $aeng 135 $aurbn||||a|bb| 200 10$aArticles, to be enquired of within the Dioces of London$b[electronic resource] $ein the first general visitation of the Right Reuerend Father in God, George Lord Bishop of London: holden in the yeare of our Lord God 1621. In the nineteenth yeare of the reigne of our most gracious soueraigne Lord Iames, by the grace of God King of Great Britaine, France and Ireland, Defender of the faith, &c. 210 $aLondon, $cPrinted by George Eld.$d1621. 215 $a[21] p 300 $aHeadpiece on t.p. and throughout text, initials. 300 $aSignatures: [A]?(-[A]¹) B-C?. 300 $aReproduction of original in: British Library. 330 $aeebo-0018 606 $aVisitations, Ecclesiastical$zEngland$y17th century 615 0$aVisitations, Ecclesiastical 701 $aMontaigne$b George$f1569-1628.$01003740 801 0$bUMI 801 1$bUMI 906 $aBOOK 912 $a996386697303316 996 $aArticles, to be enquired of within the Dioces of London$92304925 997 $aUNISA